Statistics for Biggest Trading Partners - Malaysia

Click here to take the quiz!

General Stats

  • This quiz has been taken 242 times
  • The average score is 19 of 20

Answer Stats

ImportsAnswer% Correct
34.31 bilChina
100%
32.82 bilChina
100%
6.67 bilIndonesia
98%
7.09 bilIndonesia
98%
7.71 bilIndia
96%
10.21 bilThailand
96%
10.63 bilThailand
96%
13.42 bilUnited States of America
96%
19.35 bilUnited States of America
96%
13.73 bilJapan
94%
15.25 bilJapan
94%
27.58 bilSingapore
93%
17.45 bilSingapore
93%
6.45 bilAustralia
91%
4.54 bilVietnam
90%
5.73 bilVietnam
90%
8.84 bilSouth Korea
89%
5.49 bilSouth Korea
89%
10.08 bilTaiwan
79%
5.73 bilGermany
77%

Score Distribution

Percentile by Number Answered

Percent of People with Each Score

Your Score History

You have not taken this quiz